Statistieken voor Top 15 landen met Covid-19 sterfgevallen - 29 maa 2021

Klik hier om de quiz te nemen!

Algemene statistieken

  • Deze quiz is 2 keer genomen
  • De gemiddelde score is 7 van 25

Antwoordstatistieken

land% Correct
Duitsland
100%
België
50%
Frankrijk
50%
Hongarije
50%
Italië
50%
Mexico
50%
Polen
50%
Portugal
50%
Rusland
50%
Spanje
50%
Tsjechië
50%
Verenigde Staten
50%
Argentinië
0%
Bosnië en Herzegovina
0%
Brazilië
0%
Bulgarije
0%
Colombia
0%
India
0%
Iran
0%
Noord-Macedonië
0%
Peru
0%
Slovenië
0%
Slowakije
0%
Verenigd Koninkrijk
0%
Zuid-Afrika
0%

Scoreverdeling

Percentiel versus Aantal Correcte Antwoorden

Procent van Mensen met Elke Score

Uw Scoregeschiedenis

U heeft deze quiz nog niet genomen